| 000 | 00536cam a22002174a 4500 | ||
|---|---|---|---|
| 005 | 20250605164156.0 | ||
| 008 | 250528s ||||||||||||||||||||||||d | ||
| 035 | _a19598 | ||
| 020 | _a9602270306 | ||
| 040 |
_aGR-AtMCL _bgre _dGR-AtMCL _eAACR2 |
||
| 245 | 1 | _aΔΗΜΟΣΙΕΣ ΣΧΕΣΕΙΣ | |
| 250 | _a1 | ||
| 260 | _c1991 | ||
| 300 | _a107 | ||
| 700 | 1 |
_aChaumely Jean _95800 |
|
| 700 | 1 |
_aHuisman Denis _95801 |
|
| 700 | 1 |
_aΙωαν. Ν. Ζαχαροπουλου _95802 |
|
| 942 | _cBK | ||
| 999 |
_c4854 _d4854 |
||